A Song of Ice and Fire Books Quiz Stats

Quiz Updated May 15, 2012

Challenge
Share
Tweet
Embed
Score 0/5 Timer 02:00
0 Plays Today
Year Title % Correct
1996A Game of Thrones
99.1%
1999A Clash of Kings
88.8%
2005A Feast for Crows
85.3%
2000A Storm of Swords
84.6%
2011A Dance with Dragons
82.6%

You're not logged in!

Compare scores with friends on all Sporcle quizzes.
Sign Up with Email
OR
Log In

You Might Also Like...

Show Comments

Extras

Top Quizzes Today


Score Distribution

Your Account Isn't Verified!

In order to create a playlist on Sporcle, you need to verify the email address you used during registration. Go to your Sporcle Settings to finish the process.